Metropolitan Governance Cases of Ahmedabad and Hyderabad (Record no. 6315)
[ view plain ]
| 000 -LEADER | |
|---|---|
| fixed length control field | 00288nam a2200109Ia 4500 |
| 008 - FIXED-LENGTH DATA ELEMENTS--GENERAL INFORMATION | |
| fixed length control field | 200302s9999 xx 000 0 und d |
| 100 ## - MAIN ENTRY--PERSONAL NAME | |
| Personal name | Vinita Yadav |
| 245 ## - TITLE STATEMENT | |
| Title | Metropolitan Governance Cases of Ahmedabad and Hyderabad |
| 260 ## - PUBLICATION, DISTRIBUTION, ETC. | |
| Name of publisher, distributor, etc. | Copal Publishing Group |
| 260 ## - PUBLICATION, DISTRIBUTION, ETC. | |
| Date of publication, distribution, etc. | 2014 |
| 300 ## - PHYSICAL DESCRIPTION | |
| Extent | 302 |
| Withdrawn status | Lost status | Damaged status | Not for loan | Permanent Location | Current Location | Date acquired | Cost, normal purchase price | Full call number | Barcode | Date last seen | Price effective from | Koha item type |
|---|---|---|---|---|---|---|---|---|---|---|---|---|
| BMS College of Architecture, Design and Planning | BMS College of Architecture, Design and Planning | 2020-03-03 | 2295.00 | 320.95475 | AR-UG217 | 2020-03-03 | 2020-03-03 | UG Books |